00378pab a2200121 454500008004000000100002200040245010200062260000900164300001400173362000800187650001600195773004500211180718b2008 xxu||||| |||| 00| 0 eng d aAssuncao, Juliano aRural organization and land reform in Brazil: the role of nonagricultural benefits of landholding c2008 ap.851-70. aJul aLand reform aEconomic Development and Cultural Change